Famous Directors #3 - Statistics

General Stats
  • This quiz has been taken 48 times
  • The average score is 12 of 21
Answer Stats
Hint Answer % Correct
Psycho, Vertigo Alfred Hitchcock
91%
BlacKkKlansman, Do The Right Thing Spike Lee
89%
The Great Dictator, Modern Times Charlie Chaplin
86%
Back to the Future, Forrest Gump Robert Zemeckis
83%
Mulholland Drive, Eraserhead David Lynch
80%
Pan's Labyrinth, The Shape of Water Guillermo del Toro
77%
The Good, The Bad and the Ugly, A Fistful of Dollars Sergio Leone
77%
M, Metropolis Fritz Lang
66%
Whiplash, La La Land Damien Chazelle
63%
One Flew Over the Cuckoo's Nest, Amadeus Milos Forman
63%
The Shawshank Redemption, The Green Mile Frank Darabont
60%
12 Angry Men, Dog Day Afternoon Sidney Lumet
57%
Little Women, Lady Bird Greta Gerwig
51%
Solaris, Andrei Roublev Andrei Tarkovsky
49%
Ratatouille, The Iron Giant Brad Bird
40%
Handmaiden, Oldboy Park Chan-wook
37%
Moonlight, If Beale Street Could Talk Barry Jenkins
34%
Wall E, Finding Nemo Andrew Stanton
31%
Grave of the Fireflies, Pompoko Isao Takahata
23%
Shoplifters, Still Walking Hirokazu Kore-eda
20%
Your Name, Weathering with You Makoto Shinkai
17%
No matching quizzes found
Score Distribution
Percent of People with Each Score
Percentile by Number Answered
Your Score History
You have not taken this quiz